Statistics for Pobednici Evrovizije 1956. - 2022.

Click here to take the quiz!

General Stats

  • This quiz has been taken 576 times
  • The average score is 54 of 69

Answer Stats

GodinaDržava% Correct
2007.Srbija
99%
1990.Italija
95%
2021.Italija
95%
1964.Italija
95%
2022.Ukrajina
94%
2016.Ukrajina
94%
2004.Ukrajina
94%
2008.Rusija
93%
1991.Švedska
91%
1999.Švedska
91%
1984.Švedska
91%
1974.Švedska
91%
2015.Švedska
91%
2012.Švedska
91%
2010.Nemačka
90%
1982.Nemačka
90%
1985.Norveška
90%
1995.Norveška
90%
2009.Norveška
90%
1969.Španija
90%
1968.Španija
90%
1962.Francuska
88%
1977.Francuska
88%
1969.Francuska
88%
1958.Francuska
88%
1960.Francuska
88%
2006.Finska
87%
2017.Portugalija
84%
2005.Grčka
82%
1966.Austrija
81%
2014.Austrija
81%
2000.Danska
81%
2013.Danska
81%
1963.Danska
81%
1959.Holandija
81%
2019.Holandija
81%
1957.Holandija
81%
1969.Holandija
81%
1975.Holandija
81%
1996.Irska
76%
1987.Irska
76%
1994.Irska
76%
1980.Irska
76%
1992.Irska
76%
1970.Irska
76%
1993.Irska
76%
1956.Švajcarska
75%
1988.Švajcarska
75%
1986.Belgija
72%
2003.Turska
71%
1976.Ujedinjeno Kraljevstvo
70%
1967.Ujedinjeno Kraljevstvo
70%
1981.Ujedinjeno Kraljevstvo
70%
1969.Ujedinjeno Kraljevstvo
70%
1997.Ujedinjeno Kraljevstvo
70%
2018.Izrael
68%
1979.Izrael
68%
1978.Izrael
68%
1998.Izrael
68%
2001.Estonija
65%
1989.Jugoslavija
65%
2002.Letonija
63%
2011.Azerbejdžan
56%
1973.Luksemburg
55%
1972.Luksemburg
55%
1983.Luksemburg
55%
1965.Luksemburg
55%
1961.Luksemburg
55%
1971.Monako
38%

Score Distribution

Percentile by Number Answered

Percent of People with Each Score

Your Score History

You have not taken this quiz